[Event "Novosibirsk CC-ch"]
[Site "Novosibirsk"]
[Date "2007.01.19"]
[Round "5"]
[White "Kozlov, Pavel"]
[Black "Krasnov, Yury"]
[Result "0-1"]
[WhiteElo "1880"]
[BlackElo "2036"]
[PlyCount "32"]
[EventDate "2007.01.14"]
[EventType "swiss"]
[EventRounds "11"]
[EventCountry "RUS"]
[SourceTitle "EXT 2010"]
[Source "ChessBase"]
[SourceDate "2010.11.25"]
[SourceVersion "1"]
[SourceVersionDate "2010.11.25"]
[SourceQuality "1"]

1. d4 Nf6 2. c4 c6 3. Nc3 d5 4. e3 a6 5. a4 Nbd7 6. Nf3 e6 7. Bd3 dxc4 8. Bxc4 c5 9. 0-0 Be7 10. d5 exd5 11. Nxd5 Nxd5 12. Qxd5 0-0 13. Qd3 Nb6 14. Qb3 Nxc4 15. Qxc4 b5 16. axb5 axb5 0-1